Microbiology : An introduction

Сохранить в:
Библиографические подробности
Главный автор:  Tortora, Gerard J
Формат: Sách
Язык:Undetermined
Опубликовано:  Pearson  2016
Предметы:
Метки: Добавить метку
Нет меток, Требуется 1-ая метка записи!
Thư viện lưu trữ: Trung tâm Thư viện - Trường Đại học Công nghiệp TP. Hồ Chí Minh
LEADER 00477nam a2200157Ia 4500
001 UIH_06086
008 231011s9999 xx 000 0 und d
082 |a  579 
100 |a  Tortora, Gerard J 
245 0 |a  Microbiology : An introduction 
245 0 |c  Tortora, Gerard J 
260 |b  Pearson 
260 |c  2016 
650 |a  Microbiology; Vi sinh học;  
927 |a Sách 
980 |a Trung tâm Thư viện - Trường Đại học Công nghiệp TP. Hồ Chí Minh